|
|
|
|
| LEADER |
00000cam a2200000 7i4500 |
| 001 |
0000061335 |
| 005 |
20160314.0 |
| 008 |
160314 |
| 020 |
|
|
|a 0887305555
|
| 090 |
0 |
0 |
|a 332.750973
|b ROS
|
| 100 |
1 |
|
|a Roseberg,Hilary
|
| 245 |
1 |
0 |
|a The vulture investors :
|b The winners and losers of the great American bankruptcy feeding frenzy
|c Hilary Rosenberg
|
| 260 |
|
|
|a New York :
|b HarperCollins books ,
|c 1990
|
| 500 |
|
|
|a Includes bibliography,index
|
| 650 |
|
0 |
|a Bankruptcy-United States
|
| 650 |
|
0 |
|a Business failures-United States
|
| 650 |
|
0 |
|a Leveraged buyouts-United States
|
| 999 |
|
|
|a 0000507916
|b Book
|c Adult Collection
|e Cawangan Pontian
|